Statistics for AFI's top 100 greatest movies of all time

Click here to take the quiz!

General Stats

  • This quiz has been taken 428 times
    (417 since last reset)
  • The average score is 63 of 100

Answer Stats

NumberYearActor/ActressMovie% Correct
21972Marlon BrandoThe Godfather
99%
31942Humphrey BogartCasablanca
92%
11941Orson WellesCitizen Kane
92%
571976Sylvester StalloneRocky
92%
131977Harrison FordStar Wars
92%
761994Tom HanksForrest Gump
91%
61939Vivien LeighGone with the Wind
90%
661981Harrison FordRaiders of the Lost Ark
89%
321974Al PacinoThe Godfather Part II
89%
101939Judy GarlandThe Wizard of Oz
89%
81993Liam NeesonSchindler's List
88%
331975Jack NicholsonOne Flew Over the Cuckoos Nest
87%
521976Robert De NiroTaxi Driver
87%
921990Joe PesciGoodfellas
86%
141960Anthony PerkinsPsycho
86%
831997Leonardo DiCaprioTitanic
86%
71962Peter O'TooleLawrence of Arabia
85%
502001Elijah WoodLord of the Rings, The Fellowship of the Ring
85%
741991Anthony HopkinsThe Silence of the Lambs
85%
941994Samuel L. JacksonPulp Fiction
84%
151968Stanley Kubrick2001, A Space Odyssey
83%
41980Robert De NiroRaging Bull
83%
171967Dustin HoffmanThe Graduate
82%
721994Morgan FreemanThe Shawshank Redemption
82%
401965Julie AndrewsThe Sound of Music
82%
51952Gene KellySingin in the Rain
81%
191954Marlon BrandoOn the Waterfront
80%
701971Malcolm McDowellA Clockwork Orange
78%
1001959Charlton HestonBen-Hur
77%
201946James StewartIts a Wonderful Life
77%
301979Martin SheenApocalypse Now
76%
251962Gregory PeckTo Kill a Mockingbird
76%
351977Woody AllenAnnie Hall
75%
561975Roy SchneiderJaws
74%
341937Walt DisneySnow White and the Seven Dwarfs
74%
531978Christopher WalkenThe Deer Hunter
73%
241982Drew BarrymoreE.T. Extra Terrestrial
71%
711998Tom HanksSaving Private Ryan
70%
681992Clint EastwoodUnforgiven
70%
211974Jack NicholsonChinatown
69%
361957Alec GuinnessThe Bridge on the River Kwai
69%
431969Jon VoightMidnight Cowboy
67%
811960Kirk DouglasSpartacus
67%
161950Gloria SwansonSunset Boulevard
67%
891999Bruce WillisThe Sixth Sense
67%
421967Warren BeattyBonnie and Clyde
66%
631972Liza MinnelliCabaret
65%
391964Peter SellersDr. Strangelove
65%
91958James StewartVertigo
65%
551959Cary GrantNorth by Northwest
64%
931971Gene HackmanThe French Connection
64%
691982Dustin HoffmanTootsie
63%
871957Henry Fonda12 Angry Men
62%
111931Charlie ChaplinCity Lights
62%
861986Willem DafoePlatoon
62%
311941Humphrey BogartThe Maltese Falcon
62%
471951Vivien LeighA Streetcar Named Desire
60%
221959Jack LemmonSome Like it Hot
60%
801960Jack LemmonThe Apartment
60%
731969Paul NewmanButch Cassidy and the Sundance Kid
59%
841969Dennis HopperEasy Rider
59%
961989Spike LeeDo the Right Thing
58%
971982Harrison FordBlade Runner
57%
121956John WayneThe Searchers
57%
511961Natalie WoodWest Side Story
57%
281950Bette DavisAll About Eve
56%
261939James StewartMr. Smith goes to Washington
56%
911982Meryl StreepSophie's Choice
56%
601933Groucho MarxDuck Soup
55%
751967Sidney PoitierIn the Heat of the Night
55%
651951Humphrey BogartThe African Queen
55%
991995Tom HanksToy Story
55%
271952Gary CooperHigh Noon
54%
641976Faye DunawayNetwork
54%
621973Ron Howardamerican Graffiti
53%
781936Charlie ChaplinModern Times
53%
481954Lars ThorwaldRear Window
48%
441940Katharine HepburnThe Philadelphia Story
48%
231940Henry FondaThe Grapes of Wrath
44%
181927Buster KeatonThe General
42%
771976Robert RedfordAll the Presidents Men
41%
291944Barbara StanwyckDouble Indemnity
41%
541970Donald SutherlandM*A*S*H
41%
581925Charlie ChaplinThe Gold Rush
41%
461934Clark GableIt Happened One Night
40%
671966Elizabeth TaylorWho's Afraid of Virginia Woolf?
38%
981942James CagneyYankee Doodle Dandy
38%
881938Katharine HepburnBringing up Baby
36%
381948Humphrey BogartThe Treasure of the Sierra Madre
36%
951971Jeff BridgesThe Last Picture Show
34%
851935Groucho MarxA Night at the Opera
32%
371946Harold RussellThe Best Years of our Lives
29%
411933Merian C. CooperKing Kong
28%
451953Jack PalanceShane
27%
591975Karen BlackNashville
25%
491916Tod BrowningIntolerance
23%
791969Ernest BorgnineThe Wild Bunch
23%
821927Janet GaynorSunrise
22%
901936Fred AstaireSwing Time
19%
611941Preston SturgesSullivan's Travels
17%

Score Distribution

Percentile by Number Answered

Percent of People with Each Score

Your Score History

You have not taken this quiz since the last reset